| 000 | 00433cam a2200157ua 4500 | ||
|---|---|---|---|
| 001 | 5259 | ||
| 008 | 120306n ii |||gr||||Z||||||eng | ||
| 020 | _a81-7124-045-3 | ||
| 040 | _cMAIN | ||
| 100 | 1 |
_aDowden, Edward, _eAuthor, |
|
| 245 | 1 | 0 |
_aShakespere : _ba critical study of his mind and art / _cby Edward Dowden . |
| 250 | _a1st. | ||
| 260 |
_aVaransi: _bViswavidyalaya prakashan, _c1990. |
||
| 300 |
_a280p: _c23cm. |
||
| 942 | _cBK | ||
| 999 |
_c4441 _d4441 |
||